5HLuxD.jpg

KING HENRY VIII SENIOR AND PRIMARY SCHOOL LIBRARY OPAC

RAINBOW DINING TABLE (Record no. 4428)

000 -LEADER
fixed length control field 00360nam a22001217a 4500
008 - FIXED-LENGTH DATA ELEMENTS--GENERAL INFORMATION
fixed length control field 250218b ||||| |||| 00| 0 eng d
020 ## - INTERNATIONAL STANDARD BOOK NUMBER
International Standard Book Number 9788965011118
082 ## - DEWEY DECIMAL CLASSIFICATION NUMBER
Classification number 641.3
100 ## - MAIN ENTRY--PERSONAL NAME
Personal name LEE,JANINE
Relator term AUTHOR
245 ## - TITLE STATEMENT
Title RAINBOW DINING TABLE
260 ## - PUBLICATION, DISTRIBUTION, ETC.
Place of publication, distribution, etc. FLAT/RM E 3/F,PO CHEONG BUILDING 148-154 NAM CHEONG STREET,KOWLOON,HONGKONG
Name of publisher, distributor, etc. PARAN PUBLISHING
942 ## - ADDED ENTRY ELEMENTS (KOHA)
Source of classification or shelving scheme
Holdings
Withdrawn status Lost status Source of classification or shelving scheme Damaged status Not for loan Collection code Permanent Location Current Location Shelving location Date acquired Total Checkouts Full call number Barcode Date last seen Date last checked out Price effective from Koha item type Public note
          Non-Fiction KH8 Primary School Library KH8 Primary School Library Non Fiction 2025-02-18 2 641.3 LEE KHPL000006183 2025-12-05 2025-04-28 2025-02-18 Books - Non Ficton KH8 PRIMARY LIBRARY

Powered By KH8 IT Dept